00442 2200169 4500001002100000008004100021035002000062245005200082100001800134260003300152300001200185020001800197084001400215082000800229650001700237990001800254INLIS000000000000910 ind  a0010-0724000910 aEnsiklopedia IPTEK MartinbIptekcMartin Clowes aMartin Clowes aJakartabLentera abadic2004 a288 hlm a979-3535-03-2 a503 MAR e a503 aEnsiklopedia aP29/CP/24/910